000
00334nam a2200133Ia 4500
008
240624s9999 xx 000 0 und d
041
_a
eng
082
_a
370.19 SUL
100
_a
SULLIVAN ERIN E
245
_a
STUDY ABROAD FOR DUMMIES
260
_c
2008
_a
New Delhi
_b
Wiley India
300
_a
xx, : 336 : p. : cm. ; 23
365
_b
20
999
_c
16160
_d
16160